Представление документа в формате MARC21

Поле Инд. ПП Название Значение
Тип записи a
Библиографический уровень b
001 Контрольный номер RU/IS/BASE/283869680
005 Дата корректировки 20220715140351.3
008 Кодируемые данные 20081229
040 b Код языка каталог. rus
e Правила каталог. PSBO
041 0_ a Код языка текста rus
084 a Индекс другой классификации/Индекс ББК 60.73(0)6-4
100 1_ a Автор Медков В. М.
q Полное имя Медков Виктор Михайлович
245 10 a Заглавие Демографические прогнозы ООН для мира и для России
500 a Примечание Стат. дан. в тексте
504 a Библиография Библиогр. ссылки. - Примеч.
650 a Основная рубрика демография
a Основная рубрика народонаселение
653 a Ключевые слова воспроизводство населения
a Ключевые слова демографический прогноз
a Ключевые слова демографическое развитие
a Ключевые слова коэффициент рождаемости
a Ключевые слова население мира
a Ключевые слова рождаемость
a Ключевые слова Россия
a Ключевые слова численность населения
773 t Заглавие источника Вестник Московского университета. Серия 18, Социология и политология
d Дата издания источника 2008
g Прочая информация № 1. - С. 135 - 151 : граф., табл.
w Контрольный № источника RU/IS/BASE/279889919
901 t Тип документа b